Manual de pronunciación española
Zapisane w:
| 1. autor: | |
|---|---|
| Format: | Książka |
| Język: | hiszpański |
| Wydane: |
Madrid
CSIC
1996
|
| Wydanie: | 26a. ed |
| Seria: | Colección Textos Universitarios, 3
|
| Hasła przedmiotowe: | |
| Etykiety: |
Dodaj etykietę
Nie ma etykietki, Dołącz pierwszą etykiete!
|
MARC
| LEADER | 00000cam a2200000 a 4500 | ||
|---|---|---|---|
| 001 | UCC4603 | ||
| 003 | CL-VaPUC | ||
| 008 | 180810e19960000sp |||||||||||||||||spa|d | ||
| 020 | |a 8400070968 | ||
| 082 | 0 | 4 | |a 461.52 |b NAV |2 21 |
| 100 | |a Navarro Tomás, Tomás |e autor |9 598797 | ||
| 245 | 1 | 0 | |a Manual de pronunciación española |
| 250 | |a 26a. ed | ||
| 300 | |a 326 p | ||
| 942 | |c BK | ||
| 945 | |d 20180810 15:16:00 |a dcastane | ||
| 260 | |a Madrid |b CSIC |c 1996 | ||
| 650 | 0 | |a Fonética española |9 492220 | |
| 650 | 7 | |a PRONUNCIACION CASTELLANA |2 CL-VaPUC |9 504391 | |
| 650 | 0 | |a Fonética |9 308371 | |
| 583 | |a last modification |c 20180810 15:16:00 |k Rodrigo Vera | ||
| 490 | 0 | |a Colección Textos Universitarios, 3 | |
| 999 | |c 372055 |d 372053 | ||
| 952 | |0 0 |1 0 |3 erb |4 0 |6 461_520000000000000_NAV_1996 |7 0 |8 A |9 489293 |a BIBEDU |b BIBEDU |i 5487552 |l 1 |m 1 |o 461.52 NAV 1996 |p 5487552 |r 2023-09-12 |s 2023-08-30 |w 2019-11-24 |y BK |z Catalogado en:20180810 |k LIT | ||